| 000 | 00424 a2200169 4500 | ||
|---|---|---|---|
| 999 |
_c9755 _d9755 |
||
| 003 | OSt | ||
| 005 | 20220302153230.0 | ||
| 008 | 220302b ||||| |||| 00| 0 eng d | ||
| 020 | _a9781172803507 | ||
| 100 | _aJames Fergusson | ||
| 110 | _aFergusson, James | ||
| 245 | _aHistory of Indian and Eastern architecture | ||
| 260 | _bNaby Press | ||
| 700 | _aBurgess, James | ||
| 700 | _aPhené Spiers, Richard | ||
| 942 | _2ddc | ||